000 00380nam a2200157Ia 4500
003 IT-RoPAU
008 120407s9999 xx 000 0 und d
040 _aIT-RoPAU
040 _cIT-RoPAU
100 _aGiovanni Paolo II
245 _aJean Paul II au Zaire et en République Populaire du Congo
260 _aSaint Paul Afrique
300 _c cm
490 _v1
942 _cBK
999 _c10440
_d10440